| 000 | 00440nam a22001697a 4500 | ||
|---|---|---|---|
| 003 | MPLRDC | ||
| 005 | 20220104143520.0 | ||
| 008 | 210129b ||||| |||| 00| 0 eng d | ||
| 082 | _a876.57 LMLL-2 v.3 | ||
| 100 | _aROMAIN ROLLAND 罗曼罗兰 | ||
| 245 |
_a约翰. 克利斯朵夫. 三 _c傅雷译 |
||
| 250 | _a四版 | ||
| 260 |
_a _b平明出版社 _c1953 |
||
| 300 | _b平 | ||
| 650 | _a法国文学 | ||
| 942 |
_cBK _o876.57 LMLL-2 v.3 |
||
| 999 |
_c40666 _d40656 |
||